000
00349 a2200169 4500
001
189974
020
_a
85-08-11351-4
040
_c
Magnum
100
_a
Junqueira, Sonia
240
1
0
_a
O pato e o sapo
_l
por
245
1
0
_a
O pato e o sapo
300
_a
24
362
0
_a
2007
440
1
_a
Ática
697
_a
LITERATURA INFANTIL
942
_c
BK
999
_c
189974
_d
189974